[Event "114th ch-SUI 2014"]
[Site "Bern SUI"]
[Date "2014.10.03"]
[Round "8"]
[White "Georgiadis,N"]
[Black "Klauser,M"]
[Result "0-1"]
[WhiteElo "2451"]
[BlackElo "2384"]
[EventDate "2014.09.27"]

1. e4 e5 2. Nf3 Nc6 3. Bb5 a6 4. Ba4 Nf6 5. O-O Be7 6. Re1 b5 7. Bb3 d6 8.
c3 O-O 9. h3 Na5 10. Bc2 c5 11. d4 Nd7 12. d5 Nc4 13. b3 Ncb6 14. a4 Rb8
15. Nbd2 Nf6 16. axb5 axb5 17. b4 Qc7 18. Nb3 cxb4 19. cxb4 Bd7 20. Bd3 Ra8
21. Rxa8 Rxa8 22. Na5 Nc4 23. Qc2 Rc8 24. Qc3 Bd8 25. Nxc4 bxc4 26. Bc2 Qb8
27. Be3 Bb6 28. Bxb6 Qxb6 29. Ra1 Nh5 30. Ba4 Nf4 31. Qe3 Qa6 32. g3 Nxh3+
33. Kg2 Bxa4 34. b5 Qxb5 35. Kxh3 c3 36. Nh4 Qc4 37. Kh2 Bd7 38. Ng2 c2 39.
Rc1 f5 40. f3 fxe4 41. fxe4 Bg4 0-1

[Event "114th ch-SUI 2014"]
[Site "Bern SUI"]
[Date "2014.10.03"]
[Round "8"]
[White "Kurmann,O"]
[Black "Ballmann,M"]
[Result "1/2-1/2"]
[WhiteElo "2439"]
[BlackElo "2386"]
[EventDate "2014.09.27"]

1. e4 g6 2. d4 Bg7 3. Nc3 d6 4. Be3 a6 5. h4 h6 6. Qd2 Nd7 7. O-O-O b5 8.
Kb1 Bb7 9. f3 Rc8 10. Nh3 c5 11. g4 c4 12. a3 e6 13. Bg2 Ndf6 14. Nf4 h5
15. g5 Nd7 16. Bh3 Rb8 17. Bxe6 fxe6 18. Nxe6 Qe7 19. Nxg7+ Qxg7 20. d5 Qf8
21. f4 Ne7 22. Ba7 Ra8 23. Bd4 Rh7 24. Rhf1 Rf7 25. Rf2 Kd8 26. Rdf1 Qe8
27. Na2 Kc8 28. Bc3 Nc5 29. Qd4 a5 30. Re1 Qd8 31. Rff1 Kb8 32. Qd1 Bc8 33.
Qd2 Bh3 34. Rf2 Ra7 35. Bf6 Qc8 36. Qd4 Bg4 37. Qd2 Ka8 38. Bc3 Qd8 39. Bf6
Qc8 40. Bc3 Qd8 41. Bf6 Qc8 1/2-1/2

[Event "114th ch-SUI 2014"]
[Site "Bern SUI"]
[Date "2014.10.04"]
[Round "9"]
[White "Ballmann,M"]
[Black "Milov,V"]
[Result "0-1"]
[WhiteElo "2386"]
[BlackElo "2622"]
[EventDate "2014.09.27"]

1. d4 Nf6 2. Nf3 g6 3. Bg5 Bg7 4. e3 O-O 5. Bd3 d6 6. O-O Nbd7 7. Nbd2 e5
8. dxe5 dxe5 9. e4 h6 10. Bh4 Qe8 11. Re1 Nc5 12. Nc4 Nxd3 13. Qxd3 Nh5 14.
Ne3 f6 15. Qc3 Rf7 16. Nd5 c6 17. Ne3 Be6 18. Rad1 Bf8 19. Qa5 b6 20. Qc3
a5 21. a3 b5 22. Qd2 Ng7 23. Qe2 h5 24. Bg3 Rb7 25. Nd2 Bf7 26. c3 Ne6 27.
Nc2 Rd7 28. Nf1 Rad8 29. Rxd7 Rxd7 30. Rd1 Nc5 31. Rxd7 Qxd7 32. b4 axb4
33. cxb4 Bc4 34. Qd2 Qd3 35. Qxd3 Bxd3 36. Ne1 Bxf1 0-1

[Event "114th ch-SUI 2014"]
[Site "Bern SUI"]
[Date "2014.10.04"]
[Round "9"]
[White "Pelletier,Y"]
[Black "Kurmann,O"]
[Result "1-0"]
[WhiteElo "2571"]
[BlackElo "2439"]
[EventDate "2014.09.27"]

1. d4 Nf6 2. c4 e6 3. Nf3 c5 4. Nc3 cxd4 5. Nxd4 a6 6. Bg5 b6 7. e4 d6 8.
Bd3 h6 9. Bh4 g5 10. Bg3 Nbd7 11. Qe2 Bb7 12. O-O-O Ne5 13. Bc2 Qc7 14.
Ba4+ Ke7 15. Nf3 Bg7 16. Rd4 Rad8 17. Rhd1 Bc8 18. Rxd6 Rxd6 19. Nxe5 Rxd1+
20. Qxd1 Rd8 21. Qc2 Rd6 22. Nc6+ Rxc6 23. Bxc7 Rxc7 24. Qb3 Ng4 25. Qb4+
Rc5 26. Bb3 Bxc3 27. Qxc3 a5 28. Bc2 h5 29. Qg7 Nf6 30. e5 1-0

[Event "114th ch-SUI 2014"]
[Site "Bern SUI"]
[Date "2014.10.04"]
[Round "9"]
[White "Loetscher,R"]
[Black "Georgiadis,N"]
[Result "1/2-1/2"]
[WhiteElo "2416"]
[BlackElo "2451"]
[EventDate "2014.09.27"]

1. d4 d5 2. c4 dxc4 3. e3 e5 4. Bxc4 exd4 5. exd4 Nf6 6. Nf3 Bd6 7. Qe2+
Qe7 8. Qxe7+ Bxe7 9. O-O O-O 10. Re1 Bb4 11. Nc3 a6 12. Bf4 Bd6 13. Bxd6
cxd6 14. Ne4 Nxe4 15. Rxe4 Nc6 16. d5 Nb8 17. Re7 Nd7 18. Nd4 Nf6 19. Rc7
1/2-1/2